Générique SheZow - Paroles - Statistiques

Statistiques générales
  • Ce quiz a été pris 66 fois
  • Le résultat moyen est 19 sur 34
Statistiques - réponses
Paroles % Correct
Un, deux, trois, {quatre}
96%
Il se transforme en {SheZow}
92%
Il met l'{anneau} et aussitôt
85%
Peut te mettre {KO}
74%
Il n'y en a pas {deux} de son espèce
66%
Les {méchants}, SheZow les bat tous
64%
Ses cheveux lui tapent sur les {nerfs}
64%
Super force et super {vitesse}
64%
C'est vraiment son {pote}
62%
Autrefois, c'était sa {tata}
60%
Avion de chasse et {sous}-{marin}
60%
Crème magique, rouge {laser}
60%
SheZow, il est {SheZow}
58%
Méga baffe et cri d'{enfer}
57%
SheZow, il est {SheZow}
57%
SheZow, il est {SheZow}
57%
Shecule tout {terrain}
55%
C'est notre super {nana}
53%
Faites gaffe, la {voilà}
53%
Moctopoulpe sorti des {mers}
53%
Pour les réduire en {compote}
53%
SheZow, il est {SheZow}
53%
Guy en {fille} est trop super
51%
SheZow a pleins d'{adversaires}
49%
Shezow, il est {SheZow}
49%
SheZow, il est {SheZow}
47%
D'une {manchette}
45%
Il n'y a qu'un seul {SheZow}
45%
Jamais on a vu un tel {héros}
45%
Kelly et Shella font leur {show}
45%
Tous aiment {SheZow}
45%
Dans sa {jupette}
43%
Son {acolyte} Maz est casse-cou
43%
Buldebave et même {Tara}
38%
Aucun quiz correspondant
Distribution des résultats
% des personnes avec chaque résultat
Percentile par nombre de réponses
Votre historique - résultats
Vous n’avez pas pris ce quiz